000 01373nam a2200325 i 4500
003 EG-GICUC
005 20260309234724.0
008 260309s1995 ua ||||fr|||| 00| 0 ara d
017 _a٩٥/٥٣١٤
020 _a977-04-1379-8
040 _a EG-GICUC
_bara
_c EG-GICUC
_d EG-GICUC
_erda
041 0 _aara
082 0 4 _221
_a345.652
_bم ح . س
092 0 4 _221
099 _aLaw1 07 345.652 م ح . س 1995
100 0 _aمحسن العبودي
_eمؤلف.
245 1 0 _aسلطة إحالة الجرائم إلى القضاء العسكرى وحدود الرقابة عليها في القانون المصري والمقارن :
_bدراسة في التشريع والفقه والقضاء /
_cدكتور محسن العبودي.
264 3 _aالقاهرة :
_bمطابع الطوبجي،
_c1995.
300 _a93 صفحة؛
_c24 سم.
336 _2rda content
_atext
337 _2rda media
_aComputer
338 _2rda carrier
_aOnline Resource
504 _aيشتمل على إرجاعات ببليوجرافية.
546 _aالنص أغلبه باللغة العربية مع بعض النصوص الفرنسية
650 1 4 _aالتشريع عن طريق السلطة التنفيذية
650 1 4 _aالقانون الإداري
856 4 0 _uhttps://fll.law.cu.edu.eg/fulltext/bks/B07-03392.pdf
905 _a32
942 _2ddc
_cBK
_e21
_n0
999 _c65932
_d65932